000 00391nam a22001577a 4500
020 _a978-0-55382-077-5
082 _a823
_bPRI/P
100 _aPRICE'S KARTIE
245 _aPERFECT PONIE
_bPONY CLUB WEEKEND
246 _aPERFECT PONIE
_bPONY CLUB WEEKEND
260 _aLONDON
_bMIXED SOURCES
_c2007
300 _a118
520 _aSHORT STORY
650 _aSHORT STORY- ANIMALS
942 _cBK
999 _c2147
_d2147